| 000 | 007160000a22002290004500 | ||
|---|---|---|---|
| 090 |
_aAR _b03454 |
||
| 245 | 1 | 0 |
_aNaturalization and invasion of alien plants _sconcepts and definitions |
| 650 | 1 | 4 |
_aEspecies invasoras _9308 |
| 650 | 1 | 4 |
_aEspecies naturalizadas _997075 |
| 650 | 1 | 4 |
_aInvasiones biológicas _985 |
| 650 | 1 | 4 |
_aTransformaciones _997077 |
| 650 | 1 | 4 |
_aEcología _992250 |
| 041 | 0 | _aInglés | |
| 700 | 1 |
_aPysek, Petr _997078 |
|
| 700 | 1 |
_aRejmanek, Marcel _997079 |
|
| 700 | 1 |
_aBarbour, Michael G. _997080 |
|
| 700 | 1 |
_aPanetta, Dane _997081 |
|
| 700 | 1 |
_aWest, Carol J. _997082 |
|
| 100 | 1 |
_aRichardson, David M. _997083 |
|
| 942 | _cARTICULO | ||
| 773 | 1 |
_tDiversity and Distributions _h6 _q93-107 _d2000 |
|
| 999 |
_c12505 _d12505 |
||